000 01021nam a2200277Ia 4500
003 OSt
005 20221005103658.0
006 a|||||r|||| 00| 0
007 ta
008 221004b |||||||| |||| 00| 0 hin d
020 _a9789386835048 (hbk)
_cINR 250.00
024 _a42955
037 _b306, 15/03/2019, Shivalik Prakashan
_cTextual
040 _aCRL
_cCRL
_bhin
041 _2hin
_ahin
082 _aO152,1N112:g, Q8
100 _aगोबिन्द प्रसाद, ले.
245 0 _aशमशेर
_b एक अभिनव राग
246 _aShamashera: ek abhinav rāga
260 _aदिल्ली
_bअनुज्ञा बुक्स भारत
_c2018
300 _a109पृ0
_ccm.
650 _a हिन्दी साहित्य
650 _aहिन्दी कविता
942 _hO152,1N112:g, Q8
_cTEXL
_2cc
999 _c1010599
_d1010599